<?xml version="1.0" encoding="UTF-8"?><?xml-stylesheet type="text/xsl" href="static/style.xsl"?><OAI-PMH xmlns="http://www.openarchives.org/OAI/2.0/" xmlns:xsi="http://www.w3.org/2001/XMLSchema-instance" xsi:schemaLocation="http://www.openarchives.org/OAI/2.0/ http://www.openarchives.org/OAI/2.0/OAI-PMH.xsd"><responseDate>2026-06-03T22:34:29Z</responseDate><request verb="GetRecord" identifier="oai:riuma.uma.es:10630/45322" metadataPrefix="marc">https://riuma.uma.es/rest/oai/request</request><GetRecord><record><header><identifier>oai:riuma.uma.es:10630/45322</identifier><datestamp>2026-02-11T00:47:29Z</datestamp><setSpec>com_10630_2254</setSpec><setSpec>col_10630_37953</setSpec></header><metadata><record xmlns="http://www.loc.gov/MARC21/slim" xmlns:dcterms="http://purl.org/dc/terms/" xmlns:doc="http://www.lyncode.com/xoai" xmlns:xsi="http://www.w3.org/2001/XMLSchema-instance" xsi:schemaLocation="http://www.loc.gov/MARC21/slim http://www.loc.gov/standards/marcxml/schema/MARC21slim.xsd">
   <leader>00925njm 22002777a 4500</leader>
   <datafield ind2=" " ind1=" " tag="042">
      <subfield code="a">dc</subfield>
   </datafield>
   <datafield ind2=" " ind1=" " tag="720">
      <subfield code="a">Franco-Mariscal, Antonio Joaquín</subfield>
      <subfield code="e">author</subfield>
   </datafield>
   <datafield ind2=" " ind1=" " tag="720">
      <subfield code="a">Hierrezuelo-Osorio, José Manuel</subfield>
      <subfield code="e">author</subfield>
   </datafield>
   <datafield ind2=" " ind1=" " tag="720">
      <subfield code="a">Cruz-Lorite, Isabel María</subfield>
      <subfield code="e">author</subfield>
   </datafield>
   <datafield ind2=" " ind1=" " tag="720">
      <subfield code="a">Cebrián-Robles, Daniel</subfield>
      <subfield code="e">author</subfield>
   </datafield>
   <datafield ind2=" " ind1=" " tag="260">
      <subfield code="c">2021</subfield>
   </datafield>
   <datafield ind2=" " ind1=" " tag="520">
      <subfield code="a">A dilemma concerning the replacement of calligraphy with technology to teach how to write was posed to 312 pre-service Spanish infant and elementary school teachers (PSTs). A series of arguments of a different nature taken from educational professionals were provided to provide the decision-making stage with a solid ground. 60% of PSTs defended their decision on the basis of opinion rather than scientific sources. Pearson’s chi-squared test did not show any significant differences when comparing qualification and age with the decision adopted or the nature of the argument. Differences were found in women exhibiting lesser preference for change. As conclusion, we found that there is no consensus amongst PSTs with regards to change. This reinforces the need for the educational community to make an effort to try to improve decision-making and the argumentation skills in PSTs.</subfield>
   </datafield>
   <datafield ind1="8" ind2=" " tag="024">
      <subfield code="a">Franco-Mariscal, A. J., Hierrezuelo-Osorio, J. M., Cruz-Lorite, I. M., &amp; Cebrián-Robles, D. (2021). The dilemma of replacing traditional calligraphic skills with technology in the teaching of writing. A study of the attitudes of pre-service infant and primary teachers. International Journal for 21st Century Education, 8(1), 18-36.</subfield>
   </datafield>
   <datafield ind1="8" ind2=" " tag="024">
      <subfield code="a">https://hdl.handle.net/10630/45322</subfield>
   </datafield>
   <datafield ind1="8" ind2=" " tag="024">
      <subfield code="a">10.21071/ij21ce.v8i1.13342</subfield>
   </datafield>
   <datafield tag="653" ind2=" " ind1=" ">
      <subfield code="a">Escritura - Estudio y enseñanza - Innovaciones tecnológicas</subfield>
   </datafield>
   <datafield ind2="0" ind1="0" tag="245">
      <subfield code="a">The dilema of replacing traditional calligraphic skills with tecnology in the teaching of writing. A study of the attitudes of pre-service infant and primary teachers</subfield>
   </datafield>
</record>
</metadata></record></GetRecord></OAI-PMH>